000 00779nam a22002657a 4500
003 CHAP
005 20220329133036.0
008 971013s r 00010 d
010 _a1537
011 _a2509
035 _a1703
040 _cCHAP
082 _a591.92
_bM3
245 _aManual de técnicas de manejo y conservación para la operación de campamentos tortugueros
260 _a[México, D.F.] :
_bLa Secretaría,
_c[198?]
300 _a104 p.
_b: ilus.
500 _aD42-58
590 _aBATCH-UPD
_b10
_c20130110
_lUCH01
_h1540
590 _aCONVERSION
_b10
_c20130109
_lUCH01
_h1302
650 1 4 _aFauna marina.
_939841
650 1 4 _aTortuga.
_9114332
901 _aBK
942 _cLIBRO
949 _a591.92 M3
_bBC
_cLIBRO
_d33724000496857
_eLIBRO
_h79064
_i1703
_si
999 _c1537
_d1537